Théorème de Pythagore - Statistiques

Statistiques générales
  • Ce quiz a été pris 37 fois
  • Le résultat moyen est 3 sur 10
Statistiques - réponses
Par images Réponse % Correct
Oui
97%
Non
48%
Oui
45%
Oui
38%
Non
34%
6 cm
24%
12,5 cm
17%
8 cm
14%
5,5 cm
10%
9,7 cm
10%
Aucun quiz correspondant
Distribution des résultats
% des personnes avec chaque résultat
Percentile par nombre de réponses
Votre historique - résultats
Vous n’avez pas pris ce quiz